00326nam a2200121Ia 45000030006000000080041000060400015000471000023000622450050000852600040001355460012001750050017001870STCL150530s9999 xx 000 0 und d aSTCLcSTCL aReference Division aGrowth of Parliamentary Government in Britain bCentral Office of informationc1961 aEnglish20220125165447.0